| 000 | 00637cam a2200229 4500 | ||
|---|---|---|---|
| 008 | 000000n2001 000 0 eng u | ||
| 020 | _a1900510324 | ||
| 035 | _a(Sirsi) u113369 | ||
| 041 | _aeng | ||
| 050 | _a694.01 | ||
| 110 | _aTimber Research and Development Association | ||
| 245 | _aTimber frame construction. | ||
| 250 | _a3rd ed. | ||
| 260 |
_aHigh Wycombe, Bucks _bTRADA Technology Ltd. _c2001 |
||
| 300 | _a256p. : ill. ; 30cm. | ||
| 350 | _a38 | ||
| 650 | _aTIMBER FRAME CONSTRUCTION | ||
| 650 | _aTIMBER | ||
| 690 | _aBUILT ENVIRONMENT | ||
| 710 | _aTimber Research and Development Association | ||
| 942 | _n0 | ||
| 999 |
_c101521 _d101521 |
||